000
00257nam a22001217a 4500
008
170427b xxu||||| |||| 00| 0 eng d
041
_a
eng
080
_a
34
100
_a
13
101
_a
SHJ
245
_a
SPACE AND LAW
_c
APANASYEV,V,G
942
_2
udc
_c
BK
999
_c
12287
_d
12287